000 00651cam a2200229 4500500
005 20260405003345.0
041 _afre
042 _adc
100 1 0 _aLarmagnac-Matheron, Octave
_eauthor
245 0 0 _aDu buzz dans la ruche
260 _c2021.
500 _a65
690 _aConnexion
690 _aHarmonie
690 _aInsecte
690 _aIsraël
690 _aNumérique
690 _aPierre-Henri Tavoillot
690 _apollution
786 0 _nPhilosophie magazine | 153 | 10 | 2021-10-01 | p. 5-5 | 1951-1787
856 4 1 _uhttps://shs.cairn.info/magazine-philosophie-magazine-2021-10-page-5?lang=fr&redirect-ssocas=7080
999 _c2066804
_d2066804